Lý thuyết điều khiển mờ /

Tính phi tuyến của hệ mờ; Điều khiển mờ; Hệ mờ lai và hệ mờ thích nghi; Tính ổn định của hệ điều khiển mờ; Phần mềm WinFact; Điều khiển mờ và mạng nơ-ron.

Đã lưu trong:
Chi tiết về thư mục
Tác giả chính: Phan Xuân Minh.
Tác giả khác: Nguyễn Doãn Phước.
Định dạng: Sách
Ngôn ngữ:Vietnamese
Được phát hành: Hà Nội : Khoa học và kỹ thuật, 2004.
Phiên bản:In lần thứ 4, có sửa đổi và bổ sung.
Những chủ đề:
Các nhãn: Thêm thẻ
Không có thẻ, Là người đầu tiên thẻ bản ghi này!
Thư viện lưu trữ: Mạng thư viện Đại học Đà Nẵng
LEADER 01506cam a2200397 a 4500
001 000045000
003 4108
005 20060414085829.0
008 010220b2004 vm 000 vie
020 |c 27000 
040 |a LRC  |c LRC  |d LRC 
041 0 |a vie 
082 1 4 |a 511.322  |b PH-M 
100 1 |a Phan Xuân Minh. 
245 1 0 |a Lý thuyết điều khiển mờ /  |c Phan Xuân Minh, Nguyễn Doãn Phước. 
250 |a In lần thứ 4, có sửa đổi và bổ sung. 
260 |a Hà Nội :  |b Khoa học và kỹ thuật,  |c 2004. 
300 |a 232 tr. :  |b mh. ;  |c 24 cm. 
520 3 |a Tính phi tuyến của hệ mờ; Điều khiển mờ; Hệ mờ lai và hệ mờ thích nghi; Tính ổn định của hệ điều khiển mờ; Phần mềm WinFact; Điều khiển mờ và mạng nơ-ron. 
630 0 4 |a Điều khiển mờ. 
630 0 4 |a Hệ điều khiển. 
630 0 4 |a Phương pháp toán học. 
650 0 4 |a Điều khiển mờ. 
700 1 |a Nguyễn Doãn Phước. 
OWN |a DUT 
AVA |a UDN50  |b DUT  |c Book  |d 511.322 PH-M  |e available  |t Error 5001 Not defined in file expand_doc_bib_avail.  |f 5  |g 0  |h N  |i 2  |j SH  |k 1 
999 |a From the UDN01 
AVA |a UDN50  |b DUT  |c Book  |d 511.322 PH-M  |e available  |t Error 5001 Not defined in file expand_doc_bib_avail.  |f 5  |g 0  |h N  |i 2  |j SH  |k 1 
TYP |a Monograph 
TYP |a Printed language 
980 |a Mạng thư viện Đại học Đà Nẵng